[Event "Skopje op"]
[Site "Skopje"]
[Date "2023.12.08"]
[Round "4"]
[White "Aydemir, Umut"]
[Black "Rabrenovic, Vladan"]
[Result "1-0"]
[WhiteElo "1722"]
[BlackElo "2207"]
[PlyCount "111"]
[EventDate "2023.12.06"]
[EventType "swiss"]
[EventRounds "9"]
[EventCountry "MKD"]
[SourceTitle "CB50_2023"]
[SourceDate "2023.12.13"]
[SourceVersion "1"]
[SourceVersionDate "2023.12.13"]
[SourceQuality "1"]

1. d4 d6 2. Nc3 Nf6 3. e4 e5 4. Nf3 Nbd7 5. Bc4 Be7 6. Bg5 0-0 7. 0-0 c6 8. a4 a5 9. Re1 h6 10. Bh4 Nb6 11. Bb3 Nfd7 12. Bg3 Bf6 13. Qd2 Re8 14. d5 Nc5 15. Rad1 Nxb3 16. cxb3 Be7 17. Qd3 Bg4 18. Rc1 Bxf3 19. Qxf3 Nd7 20. Red1 Qb6 21. Nb1 Nc5 22. Nd2 cxd5 23. exd5 Rf8 24. Nc4 Qxb3 25. Nxe5 Qxf3 26. Nxf3 Nxa4 27. Rc7 Rfe8 28. b3 Nb6 29. Rxb7 Rab8 30. Rxe7 Rxe7 31. Bxd6 Ree8 32. Bxb8 Rxb8 33. Ne5 a4 34. bxa4 Nxa4 35. g3 f6 36. Nc6 Rb7 37. d6 Nc5 38. Rc1 Ne4 39. Na5 Rd7 40. Nc4 Kf7 41. Rd1 Ke6 42. Re1 Kf5 43. Rd1 Ke6 44. Re1 Kf5 45. g4+ Kf4 46. Rd1 Kxg4 47. Rd5 g6 48. Kg2 Kf4 49. f3 Ng5 50. Nb6 Rd8 51. d7 Nxf3 52. Rd6 Ke5 53. Nc4+ Ke4 54. Na5 Ne5 55. Nb7 Nc4 56. Re6+ 1-0

[Event "TUR Cup"]
[Site "Adapazari"]
[Date "2022.03.30"]
[Round "9"]
[White "Kilic, Nurullah"]
[Black "Aydemir, Umut"]
[Result "0-1"]
[WhiteElo "1171"]
[BlackElo "1612"]
[PlyCount "74"]
[EventDate "2022.03.25"]
[EventType "swiss"]
[EventRounds "11"]
[EventCountry "TUR"]
[SourceTitle "EXT 2023"]
[Source "ChessBase"]
[SourceDate "2022.10.05"]
[SourceVersion "1"]
[SourceVersionDate "2022.10.05"]
[SourceQuality "1"]

1. e4 Nf6 2. d3 d5 3. Nd2 c5 4. Ngf3 Nc6 5. Be2 Bg4 6. 0-0 e6 7. c3 Be7 8. Qc2 Rc8 9. Re1 0-0 10. Nf1 h6 11. Ng3 Nh5 12. Nxh5 Bxh5 13. Bf4 b5 14. Ne5 Bxe2 15. Qxe2 d4 16. Rac1 Bd6 17. Nxc6 Rxc6 18. Bd2 dxc3 19. Bxc3 e5 20. Bd2 Qd7 21. Qh5 Re8 22. Re3 Bf8 23. Rg3 Kh7 24. Rf3 g6 25. Qh4 Qe7 26. Qxe7 Rxe7 27. b4 Rec7 28. bxc5 Bxc5 29. Kf1 Kg7 30. g4 Bd4 31. Rb1 Rc2 32. Ba5 Rc1+ 33. Rxc1 Rxc1+ 34. Ke2 Rc2+ 35. Ke1 Rxa2 36. Bd8 b4 37. Rf6 b3 0-1